Keď je ohrozená dobrá povesť spoločnosti
Dobrá povesť ako jeden z najväčších nehmotných kapitálov každej firmy. Škandál s konským mäsom a prípad ropného úniku v Mexickom zálive. Šírenie informácií na sociálnych sieťach. Ako sa firmy môžu brániť.
Enregistré dans:
| Format: | Chapitre de livre |
|---|---|
| Langue: | slovaque |
| Sujets: | |
| Tags: |
Pas de tags, Soyez le premier à ajouter un tag!
|
MARC
| LEADER | 00000naa a2200000 4500 | ||
|---|---|---|---|
| 001 | 0173861 | ||
| 005 | 20231005092245.0 | ||
| 041 | 0 | |a slo | |
| 044 | |a SK | ||
| 245 | 1 | 0 | |a Keď je ohrozená dobrá povesť spoločnosti |
| 520 | |a Dobrá povesť ako jeden z najväčších nehmotných kapitálov každej firmy. Škandál s konským mäsom a prípad ropného úniku v Mexickom zálive. Šírenie informácií na sociálnych sieťach. Ako sa firmy môžu brániť. | ||
| 610 | 2 | 0 | |a firmy |
| 610 | 2 | 0 | |a spoločnosti |
| 610 | 2 | 0 | |a značky výrobkov |
| 610 | 2 | 0 | |a informácie |
| 610 | 2 | 0 | |a komunikácia |
| 610 | 2 | 0 | |a médiá |
| 610 | 2 | 0 | |a siete sociálne |
| 610 | 2 | 0 | |a imidž |